[Event "IECG CF.2006.0.00078 email"]
[Site "IECG email"]
[Date "2006.03.05"]
[Round "?"]
[White "Blanco, Ferran"]
[Black "Roberts, David Llewelyn"]
[Result "1-0"]
[WhiteElo "1000"]
[BlackElo "1163"]
[PlyCount "59"]
[EventDate "2006.03.05"]
[EventType "tourn (corr)"]
[EventRounds "6"]
[SourceTitle "Corr 2008"]
[Source "ChessBase"]
[SourceDate "2008.06.24"]
[SourceVersion "1"]
[SourceVersionDate "2008.06.24"]
[SourceQuality "1"]

1. Nf3 c5 2. c4 Nf6 3. Nc3 d5 4. e3 Nc6 5. d4 e6 6. cxd5 exd5 7. Bb5 Be7 8. 0-0 0-0 9. dxc5 Bxc5 10. Bd2 Bg4 11. h3 Bh5 12. g4 Bg6 13. Rc1 Bb6 14. Ne2 Qd6 15. Nf4 Be4 16. Ng5 Bc7 17. Qa4 Ne5 18. Bb4 Qb6 19. Bc5 Qa5 20. Bxf8 Kxf8 21. Rxc7 Nf3+ 22. Nxf3 Qxc7 23. Nd4 Qe5 24. Qb4+ Kg8 25. Bd3 g5 26. Bxe4 gxf4 27. Qxb7 Rb8 28. Qxa7 fxe3 29. Nc6 exf2+ 30. Qxf2 1-0

[Event "IECG CF.2006.0.00078 email"]
[Site "IECG email"]
[Date "2006.03.05"]
[Round "?"]
[White "Khramkov, Alexey Gennadievic"]
[Black "Blanco, Ferran"]
[Result "1-0"]
[WhiteElo "1000"]
[BlackElo "1000"]
[PlyCount "77"]
[EventDate "2006.03.05"]
[EventType "tourn (corr)"]
[EventRounds "6"]
[SourceTitle "Corr 2008"]
[Source "ChessBase"]
[SourceDate "2008.06.24"]
[SourceVersion "1"]
[SourceVersionDate "2008.06.24"]
[SourceQuality "1"]

1. e4 d5 2. exd5 Qxd5 3. Nc3 Qa5 4. d4 e5 5. Nf3 Bb4 6. dxe5 Bxc3+ 7. bxc3 Qxc3+ 8. Bd2 Qc6 9. Rb1 a6 10. Bd3 Bg4 11. 0-0 Ne7 12. Re1 Bxf3 13. Qxf3 Qxf3 14. gxf3 b5 15. c4 c6 16. Bb4 Ng6 17. e6 Nf4 18. exf7+ Kxf7 19. Re7+ Kf6 20. Bf1 a5 21. Bd6 Ng6 22. Re4 b4 23. Rbe1 Ra7 24. c5 Rd8 25. Re6+ Kg5 26. h4+ Kxh4 27. R1e4+ Kh5 28. Be2 Kg5 29. f4+ Kf5 30. Bf1 Kg4 31. Be2+ Kf5 32. Bd3 Rxd6 33. Rxd6 Nxf4 34. Re7+ Nxd3 35. Rxa7 Nxc5 36. Rxa5 Ke5 37. Rd8 Nba6 38. Ra8 Kd6 39. R8xa6 1-0